Völkerrecht / (Record no. 145990)

MARC details
000 -LEADER
campo de control de longitud fija 00559nam a2200193 i 4500
001 - NÚMERO DE CONTROL
campo de control 145990
003 - IDENTIFICADOR DE NÚMERO DE CONTROL
campo de control ES-MaACL
005 - FECHA Y HORA DE LA ÚLTIMA TRANSACCIÓN
campo de control 20230906201358.0
007 - CAMPO FIJO DE DESCRIPCIÓN FÍSICA--INFORMACIÓN GENERAL
campo de control de longitud fija t|
008 - DATOS DE LONGITUD FIJA--INFORMACIÓN GENERAL
campo de control de longitud fija 071018s1950 au ||||1| ger d
100 1# - ENTRADA PRINCIPAL--NOMBRE DE PERSONA
Nombre de persona Verdross, Alfred.
9 (RLIN) 114042
245 10 - MENCIÓN DEL TÍTULO
Título Völkerrecht /
Mención de responsabilidad, etc. von Alfred Verdross.
260 ## - PUBLICACIÓN, DISTRIBUCIÓN, ETC.
Lugar de publicación, distribución, etc. Wien :
Nombre del editor, distribuidor, etc. Springer Verlag,
Fecha de publicación, distribución, etc. 1950.
300 ## - DESCRIPCIÓN FÍSICA
Extensión XVIII, 508 p. ;
Dimensiones 24 cm.
490 1# - MENCIÓN DE SERIE
Mención de serie Rechts-ünd Staatswissenschaften
830 0# - PUNTO DE ACCESO ADICIONAL DE SERIE-TÍTULO UNIFORME
Título uniforme Rechts-ünd Staatswissenschaften
9 (RLIN) 220806
852 ## - LOCALIZACIÓN
Ubicación ES-MaACL
Número de control de estantería D-7150
Sublocalización o colección R.31631
Holdings
Estatus retirado Estado de pérdida Estado de daño No para préstamo Biblioteca de origen Biblioteca actual Ubicación en estantería Fecha de adquisición Fuente de adquisición Total de préstamos Signatura topográfica completa Código de barras Visto por última vez Precio de reemplazo Tipo de ítem Koha
        Biblioteca del Ateneo de Madrid Biblioteca del Ateneo de Madrid Sala Valle Inclán 17/01/2008     D-7150 901152383 23/02/2023 23/02/2023 Libro impreso